01051nam a2200277Ia 4500001000900000003000500009005001700014008004100031010001100072020001800083040000900101082002100110100003500131245017500166260007600341300001100417503000800428504003300436650004500469650005500514650004000569650005100609650003300660700003500693700004500728dia_4859CHAP20251023172105.0220117s2006 xx 000 0 und d a175663 a958-8308-12-8 cCHAP a657.047 M77 2006 aMontes Salazar, Carlos Alberto aDirectrices internacionales de contabilidad para Pymes : preguntas y respuestas /c Carlos Alberto Montes Salazar, Eutimio Mejía Soto y Omar de Jesús Montilla Galvis aColombia, Santiago de Cali :b Universidad Libre Seccional Cali,c2006 a255 p. aC/e aBibliografía: p. 253 - 255 aEmpresas internacionalesxContabilidad  aInternational business enterprises x Accounting  aNormas Nacionales de Contabilidad  aPequeñas y medianas empresasxContabilidad  aSmall business x Accounting aMejía Soto, Eutimio, coaut.  aMontilla Galvis, Omar de Jesús, coaut.